000 00835nam0a22002651 4500
001 rc\3491670
005 20130115141213.1
021 _aRU
_b74-17304
021 _aRU
_bРг3947-74
035 _a(NLR Aleph) 007607583
090 _a5781871
_c5781871
100 _a20130115d1973 |||y0rusy50 ca
101 0 _arus
102 _aRU
105 _ay z |||||
200 1 _aОсновные этапы исторического развития Ирана
_eУчеб. пособие
_fВоен. ин-т иностр. яз.
210 _aМосква
_cБ. и.
_d1973
215 _a131 с.
_d20
320 _aБиблиогр.: с. 117-120
700 1 _aБагдасаров
_bС. Б.
_gСтепан Багратович
801 0 _aRU
_bNLR
_gpsbo
801 1 _aRU
_bELAR
_2rusmarc
852 _aNLR
_j73-3/10663
942 _cBOOK
980 _aNB